000 00265nam a2200109Ia 4500
008 190914s9999||||xx |||||||||||||| ||und||
100 _aDenis Hayes
245 0 _aEarth day Guide to Planet Repair
260 _aUSA
_bIsland Press
_c2002
300 _a487
942 _cBK
999 _c9349
_d9349